| 000 | 006690000a22001930004500 | ||
|---|---|---|---|
| 003 | LK-CoMWRAF | ||
| 008 | 230817t ||||| |||| 00| 0 eng d | ||
| 040 |
_aLK-CoMWRAF _dLK-CoMWRAF _eLK-CoMWRAF |
||
| 041 | _aeng | ||
| 082 |
_a261.2 _bDIA |
||
| 111 | _aSeminar on 'Dialogue with Asian religions as condition for total human development' | ||
| 245 | _aDialogue with Asian religions as condition for total human development | ||
| 260 |
_aColombo: _bSri Lanka Foundation Institute, _c1978 |
||
| 300 | _a 112 p. : ill. ; 26 cm. | ||
| 490 |
_a Seminar report _vno. 9 |
||
| 650 | _aAsia- Religion -Congresses | ||
| 650 | _aChristianity and other religions | ||
| 942 | _cCP | ||
| 999 |
_c1833 _d1833 |
||